000 00574nam a22001817a 4500
999 _c263864
_d263863
003 OSt
005 20240613170452.0
008 240613b xxu||||| |||| 00| 0 eng d
020 _a9780448479170
040 _cDLC
050 _aF128.64.L6
_bH65 2014
100 _aHolub, Joan
_d2014-
245 _a What is the Statue of Liberty?
_c by Joan Holub ; illustrated by John Hinderliter.
250 _afirst edition
260 _a New York :
_bGrosset & Dunlap, an imprint of Penguin Group (USA) LLC,
_c[2014]
300 _a 107 p
_b illustrations
_c 20 cm
942 _2lcc
_cBK